[Event "Rated Blitz tournament 6KZaY8JT"]
[Site "?"]
[Date "2021.06.16"]
[Round "?"]
[White "Brave_spirit12"]
[Black "Camilo74"]
[Result "1-0"]
[WhiteElo "2432"]
[BlackElo "2292"]
[PlyCount "39"]
[EventDate "2021.??.??"]
[EventType "blitz"]

1. e4 e5 2. Nf3 Nc6 3. c3 Nf6 4. d4 exd4 5. e5 Ne4 6. cxd4 d5 7. Nc3 Bf5 8. Bd3
Nxc3 9. bxc3 Bxd3 10. Qxd3 Qd7 11. Rb1 b6 12. Bf4 Be7 13. h4 h6 14. Rh3 Na5 15.
Rg3 g6 16. Kf1 O-O-O 17. Qa6+ Nb7 18. Qxa7 Qc6 19. e6 f6 20. Qa8# {Normal} 1-0

[Event "Rated Blitz game"]
[Site "?"]
[Date "2021.06.16"]
[Round "?"]
[White "Baluk"]
[Black "jdac23"]
[Result "0-1"]
[WhiteElo "2351"]
[BlackElo "2404"]
[PlyCount "92"]
[EventDate "2021.??.??"]
[EventType "blitz"]

1. e4 e5 2. Nf3 Nc6 3. c3 Nf6 4. d4 Nxe4 5. d5 Bc5 6. Be3 Bxe3 7. fxe3 Ne7 8.
Nxe5 O-O 9. Bd3 Nf6 10. e4 d6 11. Nf3 Ng6 12. O-O Re8 13. Nbd2 Bg4 14. Qc2 Qd7
15. Rae1 Nf4 16. Bc4 b5 17. Bb3 a5 18. a4 b4 19. cxb4 axb4 20. Bc4 Qe7 21. Bb5
Reb8 22. Nd4 Ng6 23. Nc6 Qf8 24. Nxb8 Rxb8 25. Qxc7 Ne5 26. Qa7 Rc8 27. b3 Rc2
28. Nc4 Nxc4 29. Bxc4 h6 30. Rf2 Rc3 31. Qd4 Qd8 32. h3 Bc8 33. e5 dxe5 34.
Qxe5 Qb6 35. d6 Rc2 36. Ree2 Rc1+ 37. Kh2 Bg4 38. Qe3 Qxd6+ 39. Qf4 Qd1 40.
hxg4 Qh1+ 41. Kg3 h5 42. g5 h4+ 43. Kf3 Rc3+ 44. Re3 Qd1+ 45. Be2 Qd5+ 46. Qe4
Qxe4# {Normal} 0-1

[Event "Rated Blitz game"]
[Site "?"]
[Date "2021.06.16"]
[Round "?"]
[White "ilalchemer"]
[Black "oyuka79"]
[Result "0-1"]
[WhiteElo "2464"]
[BlackElo "2319"]
[PlyCount "108"]
[EventDate "2021.??.??"]
[EventType "blitz"]

1. e4 e5 2. Nf3 Nc6 3. c3 d5 4. Bb5 f6 5. Nxe5 fxe5 6. Qh5+ Ke7 7. Bxc6 bxc6 8.
Qxe5+ Be6 9. exd5 cxd5 10. O-O Qd6 11. Qe2 Nf6 12. d4 Kf7 13. Nd2 Re8 14. Nf3
Bg4 15. Ne5+ Rxe5 16. Qxe5 Qxe5 17. dxe5 Nd7 18. Bf4 Bc5 19. b4 Bb6 20. a4 c6
21. a5 Bd8 22. f3 Be6 23. Be3 a6 24. f4 g6 25. Bd4 h5 26. h3 Rh7 27. Kf2 h4 28.
Ke3 Bf5 29. Rg1 Nf8 30. g4 hxg3 31. Rxg3 Rxh3 32. Rxh3 Bxh3 33. Rh1 Bf5 34. Bc5
Be7 35. Rh8 Bxc5+ 36. bxc5 Kg7 37. Rh1 Ne6 38. Rb1 Nxc5 39. Rb6 Bd7 40. Kd4
Ne6+ 41. Ke3 Kf7 42. Rb7 Ke7 43. Ra7 Nc5 44. Kd4 Nb3+ 45. Ke3 Nxa5 46. Rxa6
Nc4+ 47. Kd4 Nd2 48. Ra7 Nb3+ 49. Ke3 c5 50. Ra6 d4+ 51. cxd4 cxd4+ 52. Kf3
Nd2+ 53. Kf2 Ne4+ 54. Ke1 d3 {Time forfeit} 0-1

[Event "Rated Blitz game"]
[Site "?"]
[Date "2021.06.16"]
[Round "?"]
[White "Baluk"]
[Black "Bierpower"]
[Result "1-0"]
[WhiteElo "2357"]
[BlackElo "2428"]
[PlyCount "153"]
[EventDate "2021.??.??"]
[EventType "blitz"]

1. e4 e5 2. Nf3 Nc6 3. c3 f5 4. d4 fxe4 5. Ng5 exd4 6. cxd4 Nf6 7. d5 Ne5 8.
Bf4 Ng6 9. Bg3 Bb4+ 10. Nd2 O-O 11. Bc4 d6 12. O-O Bf5 13. Ne6 Bxe6 14. dxe6
Qe7 15. Re1 d5 16. Bb3 c6 17. Rc1 Qxe6 18. a3 Ba5 19. Ba2 Kh8 20. b4 Bb6 21.
Nb3 Ng4 22. Nd4 Qf6 23. Qxg4 Bxd4 24. Rf1 Ne5 25. Bxe5 Qxe5 26. Kh1 Rf7 27. Qe2
Raf8 28. f3 exf3 29. Qxe5 Bxe5 30. g3 f2 31. Kg2 g6 32. b5 Rf6 33. bxc6 bxc6
34. Rc2 Bd4 35. Bb1 Bb6 36. Re2 Kg7 37. a4 a5 38. Bd3 c5 39. Rb2 c4 40. Be2 c3
41. Rb5 d4 42. Bd3 Re8 43. Rd5 Ref8 44. Rd7+ R8f7 45. Rd5 Rc7 46. Bc2 Rf5 47.
Bxf5 gxf5 48. Rb5 Ba7 49. Rd5 c2 50. Rc1 Rc4 51. Rd7+ Kf6 52. Rxa7 d3 53. Rd7
Rc3 54. Kxf2 Ke6 55. Rxd3 Ke5 56. Rxc3 Ke4 57. R3xc2 Ke5 58. Re2+ Kf6 59. Rd1
Kg5 60. Re5 h5 61. Rdd5 h4 62. Rxf5+ Kg4 63. gxh4 Kh3 64. Rfe5 Kg4 65. Rd6 Kh3
66. Re7 Kg4 67. Red7 Kh3 68. Rc7 Kg4 69. Rdd7 Kh3 70. Rd8 Kg4 71. Rcd7 Kh3 72.
h5 Kg4 73. h6 Kh4 74. h7 Kg4 75. h8=Q Kg5 76. Qg8+ Kf4 77. Qg7 {Time forfeit}
1-0

[Event "Rated Blitz game"]
[Site "?"]
[Date "2021.06.16"]
[Round "?"]
[White "Mulika13"]
[Black "player2222"]
[Result "0-1"]
[WhiteElo "2559"]
[BlackElo "2528"]
[PlyCount "100"]
[EventDate "2021.??.??"]
[EventType "blitz"]

1. e4 e5 2. Nf3 Nc6 3. c3 Nf6 4. d4 exd4 5. e5 Ne4 6. cxd4 Bb4+ 7. Nbd2 d5 8.
Bb5 O-O 9. Bxc6 bxc6 10. a3 Bxd2+ 11. Bxd2 Ba6 12. Qc2 Rb8 13. Bb4 Re8 14. Qxc6
Re6 15. Qc2 Qd7 16. Rc1 Qb5 17. Kd1 Rc6 18. Bc5 Nxc5 19. dxc5 Rxc5 20. Qd2 Qb3+
21. Ke1 Rxc1+ 22. Qxc1 Qxb2 23. Qxb2 Rxb2 24. Rg1 c5 25. Kd1 Rxf2 26. Re1 Rxg2
27. e6 fxe6 28. Rxe6 Bc4 29. Ne5 h6 30. Re8+ Kh7 31. Nxc4 dxc4 32. Rc8 Rxh2 33.
Rxc5 Rh3 34. a4 Rc3 35. a5 Ra3 36. Kd2 Ra4 37. Kc3 g5 38. Kd4 g4 39. Ke4 c3+
40. Ke3 Kg6 41. Kf2 h5 42. Kg3 c2 43. Rc6+ Kf7 44. Rxc2 Rxa5 45. Kh4 Ke6 46.
Re2+ Kd6 47. Rd2+ Kc6 48. Rc2+ Kb6 49. Rb2+ Rb5 50. Rf2 a5 {Normal} 0-1

[Event "Rated Blitz game"]
[Site "?"]
[Date "2021.06.16"]
[Round "?"]
[White "Mountain_Hiker"]
[Black "neurobyte"]
[Result "1-0"]
[WhiteElo "2475"]
[BlackElo "2501"]
[PlyCount "49"]
[EventDate "2021.??.??"]
[EventType "blitz"]

1. e4 e5 2. Nf3 Nc6 3. c3 Nf6 4. d4 d5 5. Bb5 Nxe4 6. Nxe5 Bd7 7. Nxd7 Qxd7 8.
O-O O-O-O 9. Nd2 Nd6 10. Bd3 g6 11. Nf3 f6 12. Bf4 Bg7 13. Re1 Rde8 14. Qd2 Ne4
15. Qc2 g5 16. Bg3 g4 17. Nd2 f5 18. Bf4 Rhg8 19. Re2 h5 20. Rae1 h4 21. Bxe4
fxe4 22. Nf1 Qf5 23. g3 Bxd4 24. cxd4 Nxd4 25. Qxc7# {Normal} 1-0

[Event "Rated Blitz game"]
[Site "?"]
[Date "2021.06.16"]
[Round "?"]
[White "Baluk"]
[Black "Pepsi_Ymbi"]
[Result "0-1"]
[WhiteElo "2355"]
[BlackElo "2436"]
[PlyCount "72"]
[EventDate "2021.??.??"]
[EventType "blitz"]

1. e4 e5 2. Nf3 Nc6 3. c3 d5 4. Qa4 f6 5. Bb5 Nge7 6. O-O Bg4 7. Nh4 Qd7 8.
exd5 Nxd5 9. Bxc6 bxc6 10. g3 g5 11. Ng2 Be2 12. Re1 Nb6 13. Qc2 Bd3 14. Qd1
O-O-O 15. b4 h5 16. h4 Bh6 17. c4 Nxc4 18. Nc3 Qh3 19. Qf3 g4 20. Qxc6 Nb6 21.
Nb5 Bxb5 22. Qxb5 Rd5 23. Qf1 Rhd8 24. Ne3 Bxe3 25. Qxh3 gxh3 26. fxe3 e4 27.
Kh2 f5 28. Re2 Nc4 29. Rb1 Ne5 30. Kxh3 Ng4 31. Bb2 Rxd2 32. Rxd2 Rxd2 33. Rh1
Rxb2 34. b5 Rxa2 35. b6 Kb7 36. bxc7 Kxc7 {Time forfeit} 0-1

[Event "Rated Blitz game"]
[Site "?"]
[Date "2021.06.16"]
[Round "?"]
[White "Andrei196"]
[Black "dima110299"]
[Result "0-1"]
[WhiteElo "2369"]
[BlackElo "2447"]
[PlyCount "52"]
[EventDate "2021.??.??"]
[EventType "blitz"]

1. e4 e5 2. Nf3 Nc6 3. c3 Qe7 4. Bc4 d6 5. d3 Be6 6. Nbd2 Bxc4 7. Nxc4 g6 8.
Qb3 O-O-O 9. Be3 Bh6 10. Qa4 Bxe3 11. Nxe3 f5 12. exf5 gxf5 13. Nxf5 Qf7 14.
Ne3 Nf6 15. O-O-O Kb8 16. Qb3 Qg6 17. d4 Ne4 18. Qc2 exd4 19. Nxd4 Rhe8 20.
Nxc6+ bxc6 21. Rhe1 Qf7 22. f3 Nc5 23. Kb1 Qf4 24. Qf5 Qxh2 25. Rd2 Rxe3 26.
Rxe3 Qg1+ {Normal} 0-1

[Event "Rated Blitz game"]
[Site "?"]
[Date "2021.06.16"]
[Round "?"]
[White "mikromurks"]
[Black "nigelungen"]
[Result "1-0"]
[WhiteElo "2445"]
[BlackElo "2325"]
[PlyCount "69"]
[EventDate "2021.??.??"]
[EventType "blitz"]

1. e4 e5 2. Nf3 Nc6 3. c3 Nge7 4. d4 exd4 5. cxd4 d5 6. e5 Bg4 7. Nc3 Nf5 8.
Be3 Bxf3 9. gxf3 Nxe3 10. fxe3 Qh4+ 11. Ke2 O-O-O 12. Qe1 Qh5 13. Qg3 Kb8 14.
Rc1 f6 15. exf6 gxf6 16. Kf2 Bd6 17. f4 Rhg8 18. Qh3 Qf7 19. Bb5 Ne7 20. Rhg1
c6 21. Bd3 f5 22. Ne2 Rg6 23. Rxg6 hxg6 24. Rg1 Qf6 25. Qg2 Rh8 26. Rh1 Rh4 27.
Ng1 Rg4 28. Qh3 Bxf4 29. exf4 Qxd4+ 30. Ke2 Rxf4 31. Nf3 Qxb2+ 32. Nd2 Qxa2 33.
Qg3 g5 34. Qxg5 Qa4 35. Qxe7 {Normal} 1-0

[Event "Rated Blitz game"]
[Site "?"]
[Date "2021.06.16"]
[Round "?"]
[White "Mulika13"]
[Black "pascalka0409"]
[Result "1-0"]
[WhiteElo "2547"]
[BlackElo "2704"]
[PlyCount "95"]
[EventDate "2021.??.??"]
[EventType "blitz"]

1. e4 e5 2. Nf3 Nc6 3. c3 d5 4. Qa4 f6 5. Bb5 Nge7 6. exd5 Qxd5 7. d4 e4 8.
Nfd2 e3 9. Nf3 exf2+ 10. Kxf2 Bd7 11. Re1 O-O-O 12. Bc4 Qh5 13. Be6 Nf5 14.
Bxd7+ Rxd7 15. Bf4 g5 16. Bg3 g4 17. Nfd2 Nxg3 18. hxg3 Bd6 19. Ne4 Re8 20.
Nbd2 f5 21. Nxd6+ Rxd6 22. Rxe8+ Qxe8 23. Re1 Re6 24. Rxe6 Qxe6 25. Qc4 Qxc4
26. Nxc4 Kd7 27. Ne3 Ne7 28. Nc4 Ke6 29. Ne5 c5 30. Ke3 cxd4+ 31. Kxd4 h5 32.
Nd3 Nc6+ 33. Ke3 Kf6 34. b4 Ne5 35. Nxe5 Kxe5 36. c4 b6 37. c5 bxc5 38. bxc5
Kd5 39. Kf4 Kxc5 40. Kxf5 Kd5 41. Kg5 Ke5 42. Kxh5 Kf5 43. a3 a6 44. a4 a5 45.
Kh4 Ke4 46. Kxg4 Kd4 47. Kf5 Kc4 48. g4 {Normal} 1-0

[Event "Rated Blitz game"]
[Site "?"]
[Date "2021.06.16"]
[Round "?"]
[White "Mulika13"]
[Black "Arps89"]
[Result "1-0"]
[WhiteElo "2550"]
[BlackElo "2535"]
[PlyCount "121"]
[EventDate "2021.??.??"]
[EventType "blitz"]

1. e4 e5 2. Nf3 Nc6 3. c3 d5 4. Qa4 Bd7 5. exd5 Nd4 6. Qd1 Nxf3+ 7. Qxf3 Nf6 8.
Bc4 e4 9. Qe2 Bd6 10. h3 O-O 11. Na3 Re8 12. Nc2 Qe7 13. Ne3 Qe5 14. d4 exd3
15. Qxd3 Rad8 16. Bb3 Bf5 17. Qd1 Be4 18. Kf1 Bc5 19. c4 Nh5 20. Bd2 Nf4 21.
Bc3 Qg5 22. Qg4 Qxg4 23. hxg4 Bxe3 24. fxe3 Bxg2+ 25. Kf2 Bxh1 26. Rxh1 Nd3+
27. Kf3 Ne5+ 28. Kf4 f6 29. Bc2 g6 30. b3 Kg7 31. e4 g5+ 32. Kg3 Rh8 33. c5 h5
34. gxh5 Rh6 35. Bxe5 fxe5 36. Kg4 Rf8 37. Kxg5 Rf4 38. Rh4 Rxh4 39. Kxh4 Kf6
40. Bd3 c6 41. d6 b6 42. b4 bxc5 43. bxc5 Rh8 44. Be2 Rb8 45. Bg4 Rb2 46. d7
Rd2 47. h6 Kg6 48. h7 Kxh7 49. Kg5 Kg7 50. Be6 Kf8 51. Kf6 a5 52. Kxe5 Ke7 53.
Bf5 a4 54. Kf4 Rxa2 55. e5 Ra3 56. e6 Rc3 57. Be4 Rxc5 58. Ke3 Rc4 59. Bd3 Rc1
60. Kd4 Kxe6 61. Bc4+ {Time forfeit} 1-0

[Event "Rated Blitz game"]
[Site "?"]
[Date "2021.06.16"]
[Round "?"]
[White "PetrKostenko"]
[Black "Daniel_20132000"]
[Result "1/2-1/2"]
[WhiteElo "2662"]
[BlackElo "2557"]
[PlyCount "105"]
[EventDate "2021.??.??"]
[EventType "blitz"]

1. e4 e5 2. Nf3 Nc6 3. c3 Nf6 4. d3 d5 5. Nbd2 Bc5 6. b4 Bb6 7. Be2 O-O 8. Bb2
Qe7 9. O-O dxe4 10. dxe4 Rd8 11. Qc2 Bg4 12. h3 Bh5 13. a4 a5 14. b5 Nb8 15.
Rfe1 Nbd7 16. Nb3 Bg6 17. Bf1 Nc5 18. Ba3 Nfd7 19. c4 Qf6 20. Ra2 Nxb3 21. Qxb3
Nc5 22. Qc3 Re8 23. Qc2 Rad8 24. Bb2 Bh5 25. Ra3 Qd6 26. Nh4 Qd2 27. Qxd2 Rxd2
28. Bc1 Rc2 29. Be3 Bg6 30. Nf5 Bxf5 31. exf5 Rd8 32. g4 f6 33. Rea1 Kf8 34.
Bg2 Rd6 35. Bd5 c6 36. bxc6 bxc6 37. Rb1 cxd5 38. Rxb6 Ne4 39. Rxd6 Nxd6 40.
cxd5 Nc4 41. Rb3 Nxe3 42. fxe3 Ke7 43. Rb7+ Kd6 44. Rxg7 Kxd5 45. Rxh7 Ke4 46.
Rf7 Kf3 47. Rxf6 e4 48. h4 Rc1+ 49. Kh2 Rc2+ 50. Kh3 Rc1 51. Kh2 Rc2+ 52. Kh3
Rc1 53. Kh2 {Normal} 1/2-1/2

[Event "Rated Blitz game"]
[Site "?"]
[Date "2021.06.16"]
[Round "?"]
[White "wallie666"]
[Black "presidonaycs"]
[Result "1-0"]
[WhiteElo "2439"]
[BlackElo "2332"]
[PlyCount "107"]
[EventDate "2021.??.??"]
[EventType "blitz"]

1. e4 e5 2. Nf3 Nc6 3. c3 Bc5 4. d4 exd4 5. cxd4 Bb4+ 6. Bd2 d5 7. exd5 Qxd5 8.
Nc3 Bxc3 9. bxc3 Nf6 10. Be2 O-O 11. O-O Bg4 12. h3 Bh5 13. Qb3 Qxb3 14. axb3
a6 15. Be3 Nd5 16. c4 Nxe3 17. fxe3 Rfe8 18. Kf2 Nb4 19. Rac1 Bg6 20. Ne5 Be4
21. Bf3 Rxe5 22. dxe5 Nd3+ 23. Ke2 Nxc1+ 24. Rxc1 Bxf3+ 25. gxf3 Rd8 26. f4 Kf8
27. Ra1 g6 28. Ra5 Ke7 29. Rc5 Kd7 30. e4 b6 31. Rd5+ Ke7 32. Ke3 c6 33. Rxd8
Kxd8 34. f5 Ke7 35. c5 b5 36. b4 Ke8 37. h4 Ke7 38. Kf4 h6 39. Kg4 Kf8 40. e6
Ke7 41. exf7 Kxf7 42. fxg6+ Kxg6 43. h5+ Kf6 44. Kf4 Ke6 45. e5 Ke7 46. Kf5 Kf7
47. e6+ Ke7 48. Ke5 a5 49. bxa5 b4 50. a6 b3 51. a7 b2 52. a8=Q b1=Q 53. Qa7+
Kf8 54. Qf7# {Normal} 1-0

[Event "Titled Tuesday 15th June"]
[Site "chess.com INT"]
[Date "2021.06.15"]
[Round "5"]
[White "Terry, R."]
[Black "Rosenberg, E."]
[Result "0-1"]
[WhiteElo "2504"]
[BlackElo "2125"]
[PlyCount "80"]
[EventDate "2021.06.15"]
[SourceTitle "The Week in Chess 1389"]
[Source "Mark Crowther"]
[SourceDate "2021.06.21"]
[SourceVersion "1"]
[SourceVersionDate "2021.06.21"]
[SourceQuality "2"]

1. e4 e5 2. Nf3 Nc6 3. c3 d5 4. Qa4 f6 5. Bb5 Nge7 6. exd5 Qxd5 7. d4 e4 8. Bc4
Qh5 9. Nfd2 Qg6 10. d5 Qxg2 11. Rf1 e3 12. dxc6 exd2+ 13. Bxd2 Nxc6 14. Be3 Bd7
15. Nd2 Ne5 16. Bb5 Nd3+ 17. Ke2 Ne5 18. Bxd7+ Nxd7 19. Nf3 Qg6 20. Rad1 c6 21.
Qb3 O-O-O 22. Rg1 Qe4 23. Rd4 Qe8 24. Rgd1 Bc5 25. R4d3 Bxe3 26. fxe3 Qh5 27.
Qe6 Rhe8 28. Qc4 Ne5 29. Rxd8+ Rxd8 30. Rxd8+ Kxd8 31. Qg8+ Kc7 32. Qxg7+ Kb6
33. Qxf6 Nxf3 34. Qxf3 Qxh2+ 35. Kd3 Qd6+ 36. Kc2 Qh2+ 37. Kb3 Qd6 38. e4 Qd2
39. e5 a5 40. a4 Qe1 0-1

[Event "Rated Blitz game"]
[Site "?"]
[Date "2021.06.15"]
[Round "?"]
[White "Mulika13"]
[Black "Yuriy_Ayrapetyan"]
[Result "0-1"]
[WhiteElo "2539"]
[BlackElo "2684"]
[PlyCount "114"]
[EventDate "2021.??.??"]
[EventType "blitz"]

1. e4 e5 2. Nf3 Nc6 3. c3 Nf6 4. d4 d5 5. Bb5 Nxe4 6. Nxe5 Bd7 7. Bxc6 bxc6 8.
O-O Bd6 9. f3 Nf6 10. Bg5 Be6 11. Nxc6 Qd7 12. Ne5 Bxe5 13. dxe5 Ng8 14. Nd2 h6
15. Be3 Ne7 16. Nb3 O-O 17. Nc5 Qc6 18. b4 a5 19. a4 axb4 20. cxb4 Nf5 21. Bf2
d4 22. g4 Ne3 23. Bxe3 dxe3 24. Qe2 Rfb8 25. Rfb1 Bd5 26. Qxe3 Bxf3 27. e6 Bxg4
28. exf7+ Kh8 29. Qe4 Qxe4 30. Nxe4 Bf5 31. Nc5 Rf8 32. Rf1 Rxf7 33. Rae1 Rf6
34. Re5 Rg6+ 35. Kf2 Bh3 36. Rfe1 Rg2+ 37. Ke3 Rxh2 38. Kd4 Rg2 39. Re8+ Rxe8
40. Rxe8+ Kh7 41. a5 Rg4+ 42. Kc3 Bg2 43. b5 h5 44. b6 cxb6 45. axb6 h4 46. Re2
Bd5 47. Re5 Rc4+ 48. Kd3 Rxc5 49. Kd4 Rb5 50. Rxd5 Rxb6 51. Ke3 Rf6 52. Ke4 Kh6
53. Rd2 g5 54. Rh2 Kh5 55. Rh1 g4 56. Ke5 Rf8 57. Ke4 g3 {Normal} 0-1

[Event "Rated Blitz game"]
[Site "?"]
[Date "2021.06.15"]
[Round "?"]
[White "PetrKostenko"]
[Black "jimmy0613"]
[Result "1-0"]
[WhiteElo "2672"]
[BlackElo "2476"]
[PlyCount "75"]
[EventDate "2021.??.??"]
[EventType "blitz"]

1. e4 e5 2. Nf3 Nc6 3. c3 d6 4. d4 Be7 5. Bd3 Nf6 6. O-O O-O 7. Nbd2 Re8 8. Re1
Bf8 9. a3 g6 10. b4 a6 11. Bb2 Bg7 12. Qc2 Nh5 13. Bf1 Nf4 14. Rad1 Qf6 15. d5
Ne7 16. c4 g5 17. Re3 g4 18. Ne1 Neg6 19. c5 h5 20. Nc4 h4 21. Rc3 Bf8 22. cxd6
Bxd6 23. Nxd6 cxd6 24. Rc1 Bd7 25. Rc7 Bb5 26. Rxb7 Bxf1 27. Kxf1 g3 28. hxg3
hxg3 29. Nf3 Rac8 30. Qxc8 Rxc8 31. Rxc8+ Kg7 32. fxg3 Nd3 33. Bc3 Nf8 34. Rcc7
Qh6 35. Rxf7+ Kg8 36. Bd2 Qh1+ 37. Ng1 Nc1 38. Bxc1 {Normal} 1-0

[Event "Rated Blitz tournament evJWGL3D"]
[Site "?"]
[Date "2021.06.15"]
[Round "?"]
[White "biloha_serg_Poltava"]
[Black "BTR-07"]
[Result "0-1"]
[WhiteElo "2351"]
[BlackElo "2494"]
[PlyCount "94"]
[EventDate "2021.??.??"]
[EventType "blitz"]

1. e4 e5 2. Nf3 Nc6 3. c3 f5 4. exf5 e4 5. Nd4 Nxd4 6. cxd4 Nf6 7. d3 d5 8.
dxe4 dxe4 9. Bc4 Bxf5 10. Nc3 Qd7 11. Bg5 O-O-O 12. h3 Qxd4 13. Qb3 Bc5 14. Be3
Qd6 15. Nb5 Qb6 16. Bxc5 Qxc5 17. O-O a6 18. Nc3 e3 19. Be6+ Kb8 20. Bxf5 Qxf5
21. fxe3 Qg5 22. Rf3 Rd3 23. Re1 Re8 24. Qc2 Rdxe3 25. Rfxe3 Rxe3 26. Rxe3
Qxe3+ 27. Qf2 Qxf2+ 28. Kxf2 c5 29. Ke3 Kc7 30. Kf4 b5 31. Ke5 b4 32. Na4 Kc6
33. Ke6 Kb5 34. b3 c4 35. bxc4+ Kxa4 36. Kf7 Nh5 37. g4 Nf4 38. Kxg7 Nxh3 39.
Kxh7 Ka5 40. Kh6 Kb6 41. g5 Nxg5 42. Kxg5 Kc5 43. Kf4 Kxc4 44. Ke3 Kc3 45. Ke4
a5 46. Kd5 a4 47. Kc5 b3 {Time forfeit} 0-1

[Event "Rated Blitz game"]
[Site "?"]
[Date "2021.06.15"]
[Round "?"]
[White "Mulika13"]
[Black "UltrabulletGuy2000"]
[Result "0-1"]
[WhiteElo "2572"]
[BlackElo "2523"]
[PlyCount "88"]
[EventDate "2021.??.??"]
[EventType "blitz"]

1. e4 e5 2. Nf3 Nc6 3. c3 Nf6 4. d4 exd4 5. e5 Ne4 6. cxd4 d5 7. Bb5 f6 8. h3
Bd7 9. O-O Be7 10. Bd3 f5 11. Nc3 Be6 12. Ne2 g5 13. Ne1 g4 14. Nf4 Qd7 15.
hxg4 fxg4 16. Bxe4 dxe4 17. d5 O-O-O 18. Nc2 Bxd5 19. Nxd5 Qxd5 20. Qxg4+ Kb8
21. Bf4 Rhg8 22. Qh3 Rdf8 23. Ne3 Qc5 24. Bh2 Nxe5 25. Kh1 Nd3 26. Bg3 Bd6 27.
Bh4 Bf4 28. Qe6 Qh5 29. Qh3 Bxe3 30. fxe3 Nf2+ 31. Rxf2 Rxf2 32. Bxf2 Qf7 33.
Bg3 a6 34. Bh2 Qg6 35. Rc1 Ka7 36. Bxc7 Qe6 37. Bh2 Qxh3 38. gxh3 Rd8 39. Bf4
Rd2 40. Rc4 Rxb2 41. Rxe4 Rxa2 42. Kg1 Ra1+ 43. Kg2 Ra5 44. Kf3 Rf5 {Time
forfeit} 0-1

[Event "Rated Blitz game"]
[Site "?"]
[Date "2021.06.15"]
[Round "?"]
[White "Mulika13"]
[Black "jgeg"]
[Result "0-1"]
[WhiteElo "2580"]
[BlackElo "2592"]
[PlyCount "120"]
[EventDate "2021.??.??"]
[EventType "blitz"]

1. e4 e5 2. Nf3 Nc6 3. c3 Nf6 4. d4 Nxe4 5. d5 Ne7 6. Nxe5 Ng6 7. Nxg6 hxg6 8.
Qe2 Qe7 9. Nd2 Nxd2 10. Bxd2 Qxe2+ 11. Bxe2 Bc5 12. O-O d6 13. Rae1 Kf8 14. Bb5
Bf5 15. Be3 Bxe3 16. Rxe3 a6 17. Be2 Re8 18. Rxe8+ Kxe8 19. Re1 Kd8 20. f4 f6
21. h3 g5 22. fxg5 fxg5 23. Bf3 Rh4 24. Kf2 a5 25. Re3 b5 26. Be2 b4 27. c4 Rd4
28. Ke1 Re4 29. Kf2 Ke7 30. Rxe4+ Bxe4 31. g3 Kf6 32. Ke3 Ke5 33. a3 Bg2 34.
axb4 axb4 35. h4 gxh4 36. gxh4 Be4 37. Bg4 Bg2 38. Be2 Bh3 39. Bd3 Bf5 40. Bxf5
Kxf5 41. Kf3 b3 42. Kg3 Ke4 43. Kg4 Kd4 44. Kg5 Kxc4 45. Kg6 Kxd5 46. Kxg7 c5
47. h5 c4 48. h6 c3 49. h7 cxb2 50. h8=Q b1=Q 51. Qa8+ Kd4 52. Qa7+ Ke5 53.
Qe3+ Qe4 54. Qxb3 d5 55. Qb8+ Kd4 56. Qb4+ Ke3 57. Qe1+ Kf4 58. Qh4+ Kf3 59.
Qh1+ Kg4 60. Qg1+ Kf4 {Time forfeit} 0-1

[Event "Rated Blitz game"]
[Site "?"]
[Date "2021.06.15"]
[Round "?"]
[White "rahul1_k"]
[Black "axper89"]
[Result "0-1"]
[WhiteElo "2345"]
[BlackElo "2425"]
[PlyCount "70"]
[EventDate "2021.??.??"]
[EventType "blitz"]

1. e4 e5 2. c3 Nc6 3. Nf3 Nf6 4. d3 d5 5. exd5 Qxd5 6. Bg5 Be7 7. Qe2 O-O 8.
Nbd2 Bg4 9. Bxf6 Bxf6 10. Ne4 Be7 11. h3 Bh5 12. g4 Bg6 13. h4 Rad8 14. h5 Bxe4
15. dxe4 Qe6 16. Bh3 Qh6 17. O-O Bg5 18. Qb5 Bf4 19. Qxb7 Rd3 20. Bg2 Nd8 21.
Qxc7 Ne6 22. Qc4 Rfd8 23. Nd4 R3xd4 24. cxd4 Nxd4 25. Rfd1 Qg5 26. f3 Qh4 27.
Qd3 Qh2+ 28. Kf1 Rc8 29. Qc3 Rxc3 30. bxc3 Ne6 31. Rd3 Qh4 32. Rad1 h6 33. c4
Nd4 34. Rxd4 exd4 35. Rxd4 Qf6 {Normal} 0-1

[Event "Rated Blitz game"]
[Site "?"]
[Date "2021.06.15"]
[Round "?"]
[White "Baluk"]
[Black "JakeDarmanin"]
[Result "0-1"]
[WhiteElo "2356"]
[BlackElo "2402"]
[PlyCount "32"]
[EventDate "2021.??.??"]
[EventType "blitz"]

1. e4 e5 2. Nf3 Nc6 3. c3 d5 4. Qa4 f6 5. Bb5 Nge7 6. O-O dxe4 7. Qxe4 Be6 8.
d4 Bd5 9. Qg4 e4 10. Nfd2 f5 11. Qh5+ g6 12. Qh4 a6 13. Ba4 Bg7 14. c4 Bxc4 15.
Bxc6+ Nxc6 16. Nxc4 Qxh4 {Normal} 0-1

[Event "Rated Blitz game"]
[Site "?"]
[Date "2021.06.15"]
[Round "?"]
[White "Mulika13"]
[Black "RoadTooStrong"]
[Result "1-0"]
[WhiteElo "2548"]
[BlackElo "2521"]
[PlyCount "101"]
[EventDate "2021.??.??"]
[EventType "blitz"]

1. e4 e5 2. Nf3 Nc6 3. c3 d5 4. Qa4 Bd7 5. exd5 Nd4 6. Qd1 Nxf3+ 7. Qxf3 Nf6 8.
Bc4 e4 9. Qe2 Bd6 10. d4 h6 11. h3 O-O 12. Nd2 a6 13. Nf1 b5 14. Bb3 a5 15. a3
b4 16. Ne3 bxa3 17. bxa3 Rb8 18. Bc4 Nh7 19. a4 f5 20. Bb5 f4 21. Nc4 Rxb5 22.
axb5 Bxb5 23. Rxa5 c6 24. Rxb5 cxb5 25. Nxd6 Qxd6 26. Qxb5 e3 27. O-O f3 28.
Bxe3 fxg2 29. Ra1 Ng5 30. Bxg5 hxg5 31. Qc6 Qf4 32. Qe6+ Kh8 33. Qe3 Qh4 34.
Kxg2 g4 35. Rh1 Kg8 36. Qe6+ Rf7 37. Qe8+ Rf8 38. Qe2 Rf4 39. d6 gxh3+ 40. Rxh3
Qg5+ 41. Rg3 Qd5+ 42. f3 Qxd6 43. Qe8+ Rf8 44. Qe4 Rc8 45. Qg4 Rc7 46. c4 Qf6
47. d5 Re7 48. Qc8+ Kf7 49. Rg4 Re2+ 50. Kg3 Rc2 51. Rf4 {Time forfeit} 1-0

[Event "Rated Blitz game"]
[Site "?"]
[Date "2021.06.15"]
[Round "?"]
[White "Mulika13"]
[Black "Jero_el_siniestro"]
[Result "1/2-1/2"]
[WhiteElo "2577"]
[BlackElo "2576"]
[PlyCount "147"]
[EventDate "2021.??.??"]
[EventType "blitz"]

1. e4 e5 2. Nf3 Nc6 3. c3 d5 4. Qa4 dxe4 5. Nxe5 Nf6 6. Bb5 Bd7 7. Nxc6 bxc6 8.
Bxc6 Bd6 9. h3 O-O 10. Bxd7 Nxd7 11. O-O f5 12. d3 Nc5 13. Qc4+ Kh8 14. dxe4
Nxe4 15. Nd2 Ng5 16. f4 Ne4 17. Nxe4 fxe4 18. Qxe4 Qh4 19. Qf3 Rae8 20. Bd2 g5
21. Rae1 Rxe1 22. Rxe1 gxf4 23. Re4 Qg3 24. Be1 Qxf3 25. gxf3 Rf5 26. Bf2 Rd5
27. Bxa7 Rd1+ 28. Kf2 Ra1 29. a3 Rh1 30. Kg2 Rb1 31. Re2 Kg7 32. Bd4+ Kg6 33.
Bf2 Kf5 34. Bd4 h5 35. Bf2 Kg5 36. Bd4 Kf5 37. Bf2 Kg5 38. h4+ Kf5 39. Bd4 Kg6
40. Bf2 Kf5 41. Rc2 Rd1 42. c4 c5 43. b4 cxb4 44. c5 Bc7 45. axb4 Rb1 46. Rc4
Ke6 47. Re4+ Kd5 48. Re7 Kc6 49. Rh7 Rxb4 50. Rh6+ Kb5 51. Rxh5 Rb2 52. Kf1 Ba5
53. Kg2 Rb1 54. Re5 Rb2 55. Kf1 Rb1+ 56. Be1 Rb2 57. Re2 Rxe2 58. Kxe2 Bxe1 59.
Kxe1 Kxc5 60. Kd2 Kd5 61. Kd3 Ke5 62. Kc4 Kf5 63. Kd4 Kg6 64. Ke4 Kh5 65. Kxf4
Kxh4 66. Ke5 Kh5 67. f4 Kh6 68. Ke6 Kg7 69. f5 Kf8 70. Kf6 Ke8 71. Kg6 Kf8 72.
f6 Kg8 73. f7+ Kf8 74. Kf6 {Normal} 1/2-1/2

[Event "Rated Blitz game"]
[Site "?"]
[Date "2021.06.15"]
[Round "?"]
[White "Mountain_Hiker"]
[Black "retardedplatypus123"]
[Result "0-1"]
[WhiteElo "2511"]
[BlackElo "2548"]
[PlyCount "132"]
[EventDate "2021.??.??"]
[EventType "blitz"]

1. e4 e5 2. Nf3 Nc6 3. c3 d5 4. Qa4 f6 5. Bb5 Nge7 6. exd5 Qxd5 7. d4 e4 8.
Nfd2 Qg5 9. Rg1 e3 10. Nf3 exf2+ 11. Kxf2 Qh5 12. Bf4 Bd7 13. Bxc7 a6 14. Bxc6
Bxc6 15. Qd1 Nd5 16. Nbd2 Nxc7 17. Re1+ Kd8 18. Qe2 Bd6 19. Kg1 Re8 20. Qc4 Kd7
21. Qd3 Nd5 22. g3 Rxe1+ 23. Rxe1 Re8 24. Rxe8 Kxe8 25. c4 Ne7 26. Ne4 Bc7 27.
d5 Nxd5 28. cxd5 Bxd5 29. Ned2 Bb6+ 30. Kg2 Ba5 31. Nf1 Qxf3+ 32. Qxf3 Bxf3+
33. Kxf3 Bc7 34. Ke4 Be5 35. b3 Ke7 36. g4 Ke6 37. h4 g6 38. Ne3 Bd6 39. a4 Bc5
40. Nc4 f5+ 41. gxf5+ gxf5+ 42. Kf4 Ba7 43. Kg5 Bb8 44. h5 f4 45. Kg4 Kd5 46.
Kf3 Kc5 47. Nb2 Kb4 48. Nd3+ Kxb3 49. a5 Ka4 50. Ke4 Kxa5 51. Nc5 b6 52. Nd7
Bd6 53. Nf6 Kb5 54. Nd5 a5 55. Nc3+ Ka6 56. Nd5 Bb8 57. Nc3 f3 58. Kxf3 b5 59.
Ke3 b4 60. Na4 Kb5 61. Nb2 a4 62. Kd3 a3 63. Nc4 a2 64. Nd6+ Bxd6 65. Ke4 a1=Q
66. Kd5 Qe5# {Normal} 0-1